000 00511nam a2200133Ia 4500
005 20260209120135.0
008 260209s9999||||xx |||||||||||||| ||und||
100 _aSiddharth Dubey
245 0 _aCompany directors : an overview with special reference to the responsibilities towards creditors
260 _aBangaloreBangalore
_bNLSIU
_c2014
300 _a72 p. ; 25 cm.
700 _aProf. M P Padmanabha Pillai - GuideProf. M P Padmanabha Pillai - Guide
856 _uhttps://dans.nls.ac.in/handle/123456789/1721
999 _c217185
_d217185